| 000 | 00721nam a2200241Ia 4500 | ||
|---|---|---|---|
| 003 | OSt | ||
| 005 | 20220925204859.0 | ||
| 006 | a|||||r|||| 00| 0 | ||
| 007 | ta | ||
| 008 | 220923b |||||||| |||| 00| 0 eng d | ||
| 037 | _cGeneral Book | ||
| 040 |
_aRTL _cRTL _beng |
||
| 041 |
_2eng _aeng |
||
| 082 | _aY:351, L5 | ||
| 100 |
_aBen-Amos Dan _9131501 |
||
| 245 | 0 |
_aFolklore _b Performance and communication |
|
| 260 |
_aHague _bMouton _c1975 |
||
| 300 |
_avi, 308p _ccm. |
||
| 490 | _aApproaches to semioties . Ed by Thomas A Sebeok.40 | ||
| 700 |
_a Goldstein Kenneth S Ed. _9269198 |
||
| 942 |
_hY:351, L5 _cGB _2CC |
||
| 999 |
_c550668 _d550668 |
||